00532nam a2200193 a 4500001001300000003000900013005001700022008004100039020001000080082001700090100002500107245006900132260004200201300000900243500003500252505001000287650001600297700002500313nice12345678IN_TiNIC20260116011546.0050524s1927 oxfa grp 000 0 eng  ac10000a296.311bMAR aMarmorstein, A Rabbi aOld Rabbinic Doctrine of God. 1.The Names and Attributes of God. aOxfordbOxford University Pressc1927 a217p aincludes index and biblioraphy2 aIndex aGod-Judaism1 aMarmorstein, A Rabbi